书目信息 |
| 题名: |
马铃薯脱毒种薯生产与高产栽培
|
|
| 作者: | 邹彬 , 吕晓滨 编著 | |
| 分册: | ||
| 出版信息: | 石家庄 河北科学技术出版社 2014 |
|
| 页数: | 216页 | |
| 开本: | 22cm | |
| 丛书名: | ||
| 单 册: | ||
| 中图分类: | S532 | |
| 科图分类: | ||
| 主题词: | 马铃薯--良种繁育 , 马铃薯--栽培技术 , 马铃薯 , 良种繁育 , 栽培技术 | |
| 电子资源: | ||
| ISBN: | 978-7-5375-6579-0 | |
| 000 | 01078nam0 2200301 450 | |
| 001 | 012015000089 | |
| 005 | 20151130094047.73 | |
| 010 | @a978-7-5375-6579-0@dCNY25.80 | |
| 100 | @a20140429d2014 em y0chiy50 ea | |
| 101 | 0 | @achi |
| 102 | @aCN@b130000 | |
| 105 | @aa z 000yy | |
| 106 | @ar | |
| 200 | 1 | @a马铃薯脱毒种薯生产与高产栽培@Ama ling shu tuo du zhong shu sheng chan yu gao chan zai pei@f邹彬,吕晓滨编著 |
| 210 | @a石家庄@c河北科学技术出版社@d2014 | |
| 215 | @a216页@c图@d22cm | |
| 300 | @a农业种植系列读物 | |
| 330 | @a本书介绍了优质的马铃薯品种,种薯的脱毒生产,马铃薯的露地栽培、大棚栽培地膜覆盖栽培、特殊栽培及马铃薯的疾病防治等,内容包括:种薯脱毒生产的概念及意义、脱毒种薯繁育设施与设备、南北方一季作区的露地栽培、大中棚栽培等。 | |
| 606 | 0 | @a马铃薯@x良种繁育 |
| 606 | 0 | @a马铃薯@x栽培技术 |
| 606 | 0 | @a马铃薯 |
| 606 | 0 | @a良种繁育 |
| 606 | 0 | @a栽培技术 |
| 690 | @aS532@v5 | |
| 701 | 0 | @a邹彬@Azou bin@c(农业)@4编著 |
| 701 | 0 | @a吕晓滨@Alü xiao bin@c(图书编辑)@4编著 |
| 801 | 0 | @aCN@b碧洲教育@c20151127 |
| 905 | @a10447@f2@dS532@e62 | |
| 马铃薯脱毒种薯生产与高产栽培/邹彬,吕晓滨编著.-石家庄:河北科学技术出版社,2014 |
| 216页:图;22cm |
| 农业种植系列读物 |
| ISBN 978-7-5375-6579-0:CNY25.80 |
| 本书介绍了优质的马铃薯品种,种薯的脱毒生产,马铃薯的露地栽培、大棚栽培地膜覆盖栽培、特殊栽培及马铃薯的疾病防治等,内容包括:种薯脱毒生产的概念及意义、脱毒种薯繁育设施与设备、南北方一季作区的露地栽培、大中棚栽培等。 |
| ● |
| 相关链接 |
|
|
|
|
正题名:马铃薯脱毒种薯生产与高产栽培
索取号:S532/62
 
预约/预借
| 序号 | 登录号 | 条形码 | 馆藏地/架位号 | 状态 | 备注 |
| 1 | 0871826 | 208718262 | 第二样本阅览室/ [索取号:S532/62] | 在馆 | |
| 2 | 0871827 | 208718271 | 第三借阅区/ [索取号:S532/62] | 在馆 |